| 000 | 00822nac a22002051u 4500 | ||
|---|---|---|---|
| 008 | 081105s1997 nyu|||||r|||| 00| 0 eng d | ||
| 010 | _a 96051648 | ||
| 020 | _a0070498415 (alk. paper) | ||
| 082 | 0 | 0 |
_a660 _bPER _222 |
| 100 |
_a20080729 _933362 |
||
| 245 | 0 | 0 | _aPerry's chemical engineers' handbook. |
| 250 |
_a7th ed. / _bprepared by a staff of specialists under the editorial direction of late editor Robert H. Perry ; editor, Don W. Green ; assistant editor, James O. Maloney. |
||
| 260 |
_aNew York : _bMcGraw-Hill, _c1997. |
||
| 300 |
_a1 v. (various pagings) : _bill. ; _c27 cm. |
||
| 650 | 0 |
_aChemical engineering _xHandbooks, manuals, etc. _933363 |
|
| 700 | 1 |
_aPerry, Robert H., _d1924- _933364 |
|
| 700 | 1 |
_aGreen, Don W. _927700 |
|
| 700 | 1 |
_aMaloney, James O. _933365 |
|
| 942 |
_cNB _k660 _2ddc |
||
| 999 |
_c466 _d466 |
||